[Event "VIE-ch U09 Girls"]
[Site "Ho Chi Minh City"]
[Date "2014.07.17"]
[Round "8"]
[White "Hua, Nguyen Gia Han"]
[Black "Tran, Cao Minh Anh"]
[Result "1-0"]
[WhiteElo "1589"]
[BlackElo "1602"]
[PlyCount "119"]
[EventDate "2014.07.13"]
[EventType "swiss"]
[EventRounds "9"]
[EventCountry "VIE"]
[SourceTitle "EXT 2016"]
[Source "ChessBase"]
[SourceDate "2015.10.08"]
[SourceVersion "1"]
[SourceVersionDate "2015.10.08"]
[SourceQuality "1"]

1. e4 e6 2. d4 d5 3. exd5 exd5 4. Be3 Bd6 5. Nc3 Ne7 6. Bd3 Nbc6 7. Nge2 Bg4 8. h3 Bh5 9. a3 Qd7 10. Bb5 a6 11. Bxc6 Qxc6 12. Qd2 Bxe2 13. Nxe2 0-0 14. 0-0 Rad8 15. Qc3 Qxc3 16. Nxc3 Rc8 17. Bg5 f6 18. Be3 c6 19. Rfe1 Rfe8 20. Re2 Ng6 21. Rae1 Re7 22. Bd2 Rce8 23. Rxe7 Rxe7 24. Rxe7 Nxe7 25. Be3 Kf7 26. Kf1 Kg6 27. Ke2 f5 28. Kf3 Nc8 29. Bf4 Bxf4 30. Kxf4 Kf6 31. h4 Nd6 32. g3 Nc4 33. Nd1 h5 34. a4 b5 35. axb5 cxb5 36. b3 Nb6 37. Ne3 g6 38. b4 Ke6 39. Kg5 Kf7 40. c3 Kg7 41. f3 Kf7 42. g4 fxg4 43. fxg4 hxg4 44. Nxg4 Nd7 45. Ne5+ Nxe5 46. dxe5 d4 47. cxd4 a5 48. bxa5 b4 49. a6 b3 50. a7 b2 51. a8Q b1Q 52. Qf3+ Kg8 53. Qd5+ Kg7 54. Qd7+ Kg8 55. Qd8+ Kf7 56. Qf6+ Ke8 57. Qxg6+ Qxg6+ 58. Kxg6 Kd7 59. d5 Ke7 60. h5 1-0

[Event "VIE-ch U09 Girls"]
[Site "Ho Chi Minh City"]
[Date "2014.07.17"]
[Round "7"]
[White "Vo, Ngoc Tuyet Van"]
[Black "Hua, Nguyen Gia Han"]
[Result "0-1"]
[WhiteElo "1547"]
[BlackElo "1589"]
[PlyCount "150"]
[EventDate "2014.07.13"]
[EventType "swiss"]
[EventRounds "9"]
[EventCountry "VIE"]
[SourceTitle "EXT 2016"]
[Source "ChessBase"]
[SourceDate "2015.10.08"]
[SourceVersion "1"]
[SourceVersionDate "2015.10.08"]
[SourceQuality "1"]

1. e4 e5 2. Nf3 Nc6 3. Bc4 Bc5 4. d3 Nf6 5. Bg5 d6 6. h3 h6 7. Bh4 Be6 8. Bb3 Bb6 9. 0-0 0-0 10. Nc3 Qe7 11. Nd5 Bxd5 12. Bxd5 Rab8 13. Nh2 Nd8 14. Qf3 g5 15. Bg3 h5 16. h4 Nxd5 17. exd5 gxh4 18. Qxh5 hxg3 19. Qg4+ Kh7 20. Qh3+ Kg6 21. Qxg3+ Qg5 22. Qf3 Rh8 23. g3 Kg7 24. Rae1 Kf8 25. b3 Rg8 26. Kh1 Rh8 27. Kg2 Qh5 28. Qxh5 Rxh5 29. Re4 c6 30. dxc6 Nxc6 31. Ng4 Kg7 32. Nh2 Rg8 33. f4 f5 34. Ree1 exf4 35. Rxf4 Bc7 36. Ref1 Bb6 37. Rxf5 Rxf5 38. Rxf5 Nb4 39. Rg5+ Kf7 40. Rh5 Nxc2 41. Rh7+ Rg7 42. Rh6 Bc5 43. a4 Nb4 44. d4 Bxd4 45. Rxd6 Be5 46. Rd7+ Kg8 47. Rxg7+ Kxg7 48. Nf3 Bc7 49. Nd2 Nd3 50. Kf3 Ne5+ 51. Ke4 Ng4 52. Kf3 Ne5+ 53. Ke4 Nc6 54. g4 Kg6 55. Kf3 Ne5+ 56. Ke4 Kg5 57. Nf3+ Nxf3 58. Kxf3 a5 59. Ke4 Bd6 60. Kd5 Bb4 61. Kc4 b6 62. Kd3 Kxg4 63. Kc4 Bc5 64. Kd3 Kf3 65. Kc3 Ke3 66. Kb2 Kd3 67. b4 axb4 68. Kb3 Kd4 69. Kb2 Kc4 70. Kc2 b3+ 71. Kb2 Kb4 72. Kb1 Ka3 73. Ka1 Bd4+ 74. Kb1 b2 75. Kc2 Ka2 0-1

[Event "VIE-ch U09 Girls"]
[Site "Ho Chi Minh City"]
[Date "2014.07.15"]
[Round "5"]
[White "Nguyen, My Hanh An"]
[Black "Hua, Nguyen Gia Han"]
[Result "0-1"]
[WhiteElo "1606"]
[BlackElo "1589"]
[PlyCount "124"]
[EventDate "2014.07.13"]
[EventType "swiss"]
[EventRounds "9"]
[EventCountry "VIE"]
[SourceTitle "EXT 2016"]
[Source "ChessBase"]
[SourceDate "2015.10.08"]
[SourceVersion "1"]
[SourceVersionDate "2015.10.08"]
[SourceQuality "1"]

1. e4 e5 2. Bc4 Nf6 3. Nc3 Bc5 4. Nf3 d6 5. h3 Nc6 6. d3 Be6 7. Bb3 h6 8. Be3 Bb6 9. 0-0 0-0 10. d4 exd4 11. Nxd4 Nxd4 12. Bxd4 Re8 13. Re1 c6 14. e5 dxe5 15. Bxe5 Nd7 16. Bf4 Nf6 17. Qxd8 Raxd8 18. Rad1 Nh5 19. Rxd8 Rxd8 20. Be3 Bxb3 21. Bxb6 axb6 22. axb3 Rd2 23. Re2 Rxe2 24. Nxe2 Nf6 25. Kh2 Nd5 26. c4 Nb4 27. Nf4 g5 28. Nh5 Nd3 29. Nf6+ Kg7 30. Nd7 b5 31. cxb5 cxb5 32. f3 Nxb2 33. Nc5 b6 34. Nd7 Nd3 35. Nxb6 Nc1 36. Nd5 Nxb3 37. Nc3 Nd4 38. Kg1 b4 39. Nd5 b3 40. Nc3 b2 41. Nb1 Kf6 42. Kf2 Ke5 43. Ke3 Nc2+ 44. Kd2 Nd4 45. Kc3 Ne2+ 46. Kxb2 Nf4 47. Nd2 Nxg2 48. Nc4+ Kf4 49. Nd6 f5 50. Nf7 h5 51. Nh6 Nh4 52. Kc3 Nxf3 53. Kd3 Ng1 54. Kd2 Nxh3 55. Ke2 g4 56. Kf1 Ng5 57. Kg2 h4 58. Kh2 g3+ 59. Kg2 h3+ 60. Kg1 g2 61. Kf2 Nf3 62. Ke2 g1Q 0-1

[Event "VIE-ch U09 Girls"]
[Site "Ho Chi Minh City"]
[Date "2014.07.14"]
[Round "3"]
[White "Nguyen, Thi Tu Uyen"]
[Black "Hua, Nguyen Gia Han"]
[Result "0-1"]
[WhiteElo "1549"]
[BlackElo "1589"]
[PlyCount "64"]
[EventDate "2014.07.13"]
[EventType "swiss"]
[EventRounds "9"]
[EventCountry "VIE"]
[SourceTitle "EXT 2016"]
[Source "ChessBase"]
[SourceDate "2015.10.08"]
[SourceVersion "1"]
[SourceVersionDate "2015.10.08"]
[SourceQuality "1"]

1. d4 d5 2. Nc3 Nf6 3. f3 Nc6 4. e3 e6 5. Bd3 Bd6 6. Bd2 Bd7 7. Nge2 a6 8. a3 Qe7 9. e4 dxe4 10. fxe4 e5 11. d5 Nd4 12. Be3 Bc5 13. 0-0 0-0 14. b4 Ba7 15. Na2 Nxc2 16. Qxc2 Bxe3+ 17. Kh1 Bb6 18. a4 a5 19. b5 Qc5 20. Qb2 Rfe8 21. Rac1 Qe3 22. Rf3 Qh6 23. Ng3 Ng4 24. h3 Nf2+ 25. Kh2 Bxh3 26. gxh3 Qxh3+ 27. Kg1 Nxd3+ 28. Rf2 Nxb2 29. Nh1 Nd3 30. Rc3 Bxf2+ 31. Nxf2 Qg3+ 32. Kh1 Nxf2# 0-1

[Event "VIE-ch U09 Girls"]
[Site "Ho Chi Minh City"]
[Date "2014.07.13"]
[Round "1"]
[White "Ngo, Xuan Quynh"]
[Black "Hua, Nguyen Gia Han"]
[Result "1-0"]
[WhiteElo "1557"]
[BlackElo "1589"]
[PlyCount "103"]
[EventDate "2014.07.13"]
[EventType "swiss"]
[EventRounds "9"]
[EventCountry "VIE"]
[SourceTitle "EXT 2016"]
[Source "ChessBase"]
[SourceDate "2015.10.08"]
[SourceVersion "1"]
[SourceVersionDate "2015.10.08"]
[SourceQuality "1"]

1. d4 d5 2. Nf3 Nf6 3. e3 Bf5 4. Bd3 Bg4 5. h3 Bh5 6. Bd2 e6 7. Nc3 Bd6 8. Qe2 Nbd7 9. a3 Qe7 10. Nb5 a6 11. Nxd6+ Qxd6 12. Bb4 Qb6 13. 0-0-0 0-0-0 14. g4 Bg6 15. Bxg6 hxg6 16. Ng5 Rde8 17. Nxf7 Rh7 18. f3 Qc6 19. Rd3 Qb5 20. Qd2 Kb8 21. Rc3 Nb6 22. Ne5 Rxh3 23. Re1 Rg8 24. Qg2 Rh7 25. Nxg6 Rh6 26. Ne7 Rgh8 27. Qg3 Nc4 28. b3 Rh3 29. bxc4 Qxb4 30. Qxh3 Qxc3 31. Qxh8+ Ka7 32. Kd1 Qxa3 33. Qxg7 Ne8 34. Nc8+ Kb8 35. Qe7 Nd6 36. Nxd6 cxd6 37. Qxe6 dxc4 38. Qxc4 Qa1+ 39. Kd2 Qa5+ 40. Qc3 Qd5 41. Rf1 Qg8 42. Rb1 Qh8 43. Qc6 Qh2+ 44. Kd3 Qh7+ 45. e4 Qe7 46. Qxb7+ Qxb7 47. Rxb7+ Kxb7 48. g5 Kc6 49. g6 d5 50. g7 dxe4+ 51. fxe4 a5 52. g8Q 1-0